Guess the football player with a yellow shirt - Statistics

General Stats
  • This quiz has been taken 33 times
  • The average score is 10 of 16
Answer Stats
Picture Answer % Correct
Marc-André Ter Stegen
97%
Sergio Busquets
93%
Alexander Isak
83%
Loris Karius
83%
Ousmane Dembélé
79%
Radamel Falcao
79%
Rodrygo
79%
Niklas Süle
76%
Thomas Meunier
62%
Talisca
52%
Ismaila Sarr
45%
Pau Torres
45%
Kaoru Mitoma
38%
Loïs Openda
34%
Nacer Chadli
28%
Roman Yaremchuk
24%
No matching quizzes found
Score Distribution
Percent of People with Each Score
Percentile by Number Answered
Your Score History
You have not taken this quiz